000 00730nam a2200205Ia 4500
003 GCL
008 140319s9999 xx 000 0 ara d
020 _a9328270977
040 _aGCL /
_cGCL
082 0 4 _a020.26
_bش ت
100 1 _aشعبان عبدالعزيز خليفة
245 1 0 _aتشريعات الكتب والمكتبات والمعلومات فى مصر /
_cشعبان عبدالعزيز خليفة
260 _aالقاهرة :
_bالدار المصرية اللبنانية ،
_c1997
300 _a1298 ص ؛
_c25سم
650 0 4 _aالمعلومات
650 0 4 _aالمكتبات
650 0 4 _aالمكتبات - مصر
650 0 4 _aالمكتبات - قوانين وتشريعات
942 _2ddc
_cBK
999 _c51928
_d51928